000 00281nam a2200109Ia 4500
008 190911s9999||||xx |||||||||||||| ||und||
100 _aMoulana Abdul Haq
245 0 _aHadees-i- Nabvi (S.A.W.W) Aur Sianci Uloom
260 _aKarachi
_bRoyal Book
_c2014
300 _a328
942 _cBK
999 _c6837
_d6837